000 01599nam a22004457a 4500
001 000095904
003 CHAP
005 20220817044115.0
008 060609d2006 mx ad r 00110 spa d
010 _a92370
011 _a93342
035 _a103914
040 _cCHAP
090 _aTesis
100 1 _aTuriján Ocampo, Gilberto.
_9115605
245 1 4 _aLas plantas ornamentales en maceta, su manejo y producción en vivero /
_c/por Gilberto Turiján Ocampo.
260 _aChapingo, Méx. :
_bEl autor,
_c2006.
300 _a137 h. :
_bilus. ; tablas.
502 _aTesis (Ing. Agr. Esp. en Fitotecnia) -- UACH. Departamento de Fitotecnia
590 _aALEPH
_b10
_c20130110
_lUCH01
_h1512
590 _aBATCH-UPD
_b10
_c20130110
_lUCH01
_h0639
590 _aBATCH-UPD
_b10
_c20130410
_lUCH01
_h0323
590 _aBATCH-UPD
_b10
_c20130914
_lUCH01
_h1130
590 _aBATCH-UPD
_b10
_c20140324
_lUCH01
_h1457
590 _aBATCH-UPD
_b10
_c20141002
_lUCH01
_h0830
590 _aCONVERSION
_b10
_c20130109
_lUCH01
_h1351
590 _aE5765TAJ
_b10
_c20130605
_lUCH01
_h1231
650 1 4 _aCultivos en invernadero.
_930376
650 1 4 _aMacetas.
_969376
650 1 4 _aPlantas ornamentales.
650 1 4 _aPropagación de árboles.
650 1 4 _aSiembra en maceta.
_9105841
856 _3Finding aid
_uhttp://10.13.5.2/tesis/103914.pdf
_zTeclea aquí
901 _aBK
905 _aMarco A. Mendoza T.
942 _cCD
942 _n0
949 _aTesis
_bBC
_cTES
_d00000001039141
_eTS1
_gDonaciØn
_h45483
_i103914
_sb
949 _aTesis
_bBC
_cTES
_d33724000990917
_eTS2
_fc.2
_gDonaciØn
_h45484
_i103914
_sb
999 _c92370
_d92370